<?xml version="1.0" encoding="UTF-8"?>
<record
    xmlns:xsi="http://www.w3.org/2001/XMLSchema-instance"
    xsi:schemaLocation="http://www.loc.gov/MARC21/slim http://www.loc.gov/standards/marcxml/schema/MARC21slim.xsd"
    xmlns="http://www.loc.gov/MARC21/slim">

  <leader>04274njm a2200553Ia 4500</leader>
  <controlfield tag="001">F0406</controlfield>
  <controlfield tag="003">IT-RoPAU</controlfield>
  <controlfield tag="005">20220918181113.0</controlfield>
  <controlfield tag="008">131025s9999    xx            000 0 und d</controlfield>
  <datafield tag="040" ind1=" " ind2=" ">
    <subfield code="a">IT-RoPAU</subfield>
  </datafield>
  <datafield tag="040" ind1=" " ind2=" ">
    <subfield code="c">IT-RoPAU</subfield>
  </datafield>
  <datafield tag="999" ind1=" " ind2=" ">
    <subfield code="c">99191</subfield>
    <subfield code="d">99191</subfield>
  </datafield>
  <datafield tag="999" ind1=" " ind2=" ">
    <subfield code="b">n.d.</subfield>
  </datafield>
  <datafield tag="100" ind1=" " ind2=" ">
    <subfield code="a">AA.VV.</subfield>
    <subfield code="9">794</subfield>
  </datafield>
  <datafield tag="100" ind1=" " ind2=" ">
    <subfield code="e">Autore musica</subfield>
    <subfield code="9">32131</subfield>
  </datafield>
  <datafield tag="100" ind1=" " ind2=" ">
    <subfield code="g">Codice autore musica SPICS: 12000</subfield>
    <subfield code="9">796</subfield>
  </datafield>
  <datafield tag="245" ind1=" " ind2=" ">
    <subfield code="a">Best of George Benson-The Instrumentals</subfield>
  </datafield>
  <datafield tag="250" ind1=" " ind2=" ">
    <subfield code="a">1a ed.</subfield>
  </datafield>
  <datafield tag="260" ind1=" " ind2=" ">
    <subfield code="a">USA</subfield>
  </datafield>
  <datafield tag="260" ind1=" " ind2=" ">
    <subfield code="b">WARNER BROS RECORDS</subfield>
  </datafield>
  <datafield tag="300" ind1=" " ind2=" ">
    <subfield code="a">COMPACT DISC</subfield>
  </datafield>
  <datafield tag="300" ind1=" " ind2=" ">
    <subfield code="c">58 minuti (Testo:  pag.)</subfield>
  </datafield>
  <datafield tag="500" ind1=" " ind2=" ">
    <subfield code="a">Musica strumentale.</subfield>
  </datafield>
  <datafield tag="505" ind1=" " ind2=" ">
    <subfield code="a">My Heart Is Dancing (6:00) - Breezin' (6:00) - Mimosa (7:00) - Dinorah, Dinorah (4:00) - Being With You (4:00) - Valdez In the Country (5:00) - Affirmation (7:00) - Tenderly (4:00) - We All Remember Wes (6:00) - Weekend In L.A. (8:00) - That's Right (5:00)</subfield>
  </datafield>
  <datafield tag="511" ind1=" " ind2=" ">
    <subfield code="a">Tratto da "Love Remembers" Benson George: chit; Whalum Kirk: sax; Brecker Randy: flugelhorn; Laws Hubert: fl; James Bob: p; Tee Richard: electric p; Washington Freddie: bass; Hakim Omar: perc; Risenhoover Max: synthesizer, progr</subfield>
  </datafield>
  <datafield tag="511" ind1=" " ind2=" ">
    <subfield code="a">Tratto da "Breezin'" Benson George: chit; Dalto Jorge: electric piano solo, clavinet, acousticp; Foster Ronnie: elec p, mini-moog; Upchurch Phil: chit ritmica, basso; Mason Harvey: batt; Macdonald Ralph: perc</subfield>
  </datafield>
  <datafield tag="511" ind1=" " ind2=" ">
    <subfield code="a">Tratto da "Collaboration" Benson George: chit elet; Klugh Earl: chit classica; Philinganes Greg: synth; Jackson Paul: chit ritmica; Miller Marcus: bass; Mason Harvey: batt; Da Costa Paulinho: perc; Williams Larry: arr, tromba</subfield>
  </datafield>
  <datafield tag="511" ind1=" " ind2=" ">
    <subfield code="a">Tratto da "Give Me the Night" Benson George: chit, scat vocals; Fischer Claire: p acustico, p elettrico; Philinganes Greg: p elettrico; Hancock Herbie: synth; Johnson Louis: bass; Robinson John: batt; Da Costa Paulinho: perc; Hey Jerry: tr; Hutchcroft Kim, Williams Larry: sax, f; Austin Patti: voc</subfield>
  </datafield>
  <datafield tag="511" ind1=" " ind2=" ">
    <subfield code="a">Tratto da "In Your Eyes" Benson George: chit; Buchanan Robbie: electric piano; Jackson Paul Jr: chit rit; Jackson Anthony: bass; Vega Carlos: batt; Mardin Arif: string, arr</subfield>
  </datafield>
  <datafield tag="511" ind1=" " ind2=" ">
    <subfield code="a">Tratto da "In Flight" Benson George: chit; Dalto Jorge: clavinet e p acust; Foster Ronnie: p elet, mini-moog; Upchurch Phil: chit rit, bass; Mason Harvey: batt; MacDonald Ralph: perc</subfield>
  </datafield>
  <datafield tag="511" ind1=" " ind2=" ">
    <subfield code="a">Tratto da "Breezin'" Benson George: chit; Dalto Jorge: p elet, clavinet, p acust; Foster Ronnie: p elet, mini-moog; Upchurch Phil: chit rit; Banks Stanley: bass; Mason Harvey: batt; MacDonald Ralph: perc</subfield>
  </datafield>
  <datafield tag="511" ind1=" " ind2=" ">
    <subfield code="a">Tratto da "Tenderly" Benson George: chit</subfield>
  </datafield>
  <datafield tag="511" ind1=" " ind2=" ">
    <subfield code="a">Tratto da "Weekend In L.A" Benson George: chit; Dalto Jorge: p acust, tast; Foster Ronnie: tast; Upchurch Phil: chit rit; Banks Stanley: bass; Mason Harvey: batt; MacDonald Ralph: perc</subfield>
  </datafield>
  <datafield tag="511" ind1=" " ind2=" ">
    <subfield code="a">Benson George: chit; Peterson Ricky: tast, organo; Peterson Paul: chit rit, bass; Bland Michael: batt</subfield>
  </datafield>
  <datafield tag="650" ind1=" " ind2=" ">
    <subfield code="a">STRUMENTALE [COMPACT DISC]</subfield>
    <subfield code="e">Codice MATERIA SPICS: 9949</subfield>
    <subfield code="9">32132</subfield>
  </datafield>
  <datafield tag="700" ind1=" " ind2=" ">
    <subfield code="a">Benson George</subfield>
    <subfield code="g">Codice interprete SPICS: 16186</subfield>
    <subfield code="e">Interprete</subfield>
    <subfield code="9">32133</subfield>
  </datafield>
  <datafield tag="700" ind1=" " ind2=" ">
    <subfield code="a">Hakim Omar</subfield>
    <subfield code="g">Codice autore musica SPICS: 50221</subfield>
    <subfield code="e">Autore musica</subfield>
    <subfield code="p">My Heart Is Dancing - Being With You</subfield>
    <subfield code="9">32134</subfield>
  </datafield>
  <datafield tag="700" ind1=" " ind2=" ">
    <subfield code="a">Womack Bobby</subfield>
    <subfield code="g">Codice autore musica SPICS: 50222</subfield>
    <subfield code="e">Autore musica</subfield>
    <subfield code="p">Breezin'</subfield>
    <subfield code="9">32135</subfield>
  </datafield>
  <datafield tag="700" ind1=" " ind2=" ">
    <subfield code="a">Benson George</subfield>
    <subfield code="g">Codice autore musica SPICS: 16186</subfield>
    <subfield code="e">Autore musica</subfield>
    <subfield code="p">Mimosa - Weekend In L.A.</subfield>
    <subfield code="9">32136</subfield>
  </datafield>
  <datafield tag="700" ind1=" " ind2=" ">
    <subfield code="a">Lins Ivan</subfield>
    <subfield code="g">Codice autore musica SPICS: 29890</subfield>
    <subfield code="e">Autore musica</subfield>
    <subfield code="p">Dinorah, Dinorah</subfield>
    <subfield code="9">32137</subfield>
  </datafield>
  <datafield tag="700" ind1=" " ind2=" ">
    <subfield code="a">Martins V.</subfield>
    <subfield code="g">Codice autore SPICS: 15592</subfield>
    <subfield code="e">Autore</subfield>
    <subfield code="p">Dinorah, Dinorah</subfield>
    <subfield code="9">32138</subfield>
  </datafield>
  <datafield tag="700" ind1=" " ind2=" ">
    <subfield code="a">Hathaway Donnie</subfield>
    <subfield code="g">Codice autore musica SPICS: 50223</subfield>
    <subfield code="e">Autore musica</subfield>
    <subfield code="p">Valdez In the Country</subfield>
    <subfield code="9">32139</subfield>
  </datafield>
  <datafield tag="700" ind1=" " ind2=" ">
    <subfield code="a">Feliciano Jos&#xE9;</subfield>
    <subfield code="g">Codice autore musica SPICS: 14492</subfield>
    <subfield code="e">Autore musica</subfield>
    <subfield code="p">Affirmation</subfield>
    <subfield code="9">32140</subfield>
  </datafield>
  <datafield tag="700" ind1=" " ind2=" ">
    <subfield code="a">Gross Walter</subfield>
    <subfield code="g">Codice autore musica SPICS: 15709</subfield>
    <subfield code="e">Autore musica</subfield>
    <subfield code="p">Tenderly</subfield>
    <subfield code="9">32141</subfield>
  </datafield>
  <datafield tag="700" ind1=" " ind2=" ">
    <subfield code="a">Lawrence Jack</subfield>
    <subfield code="g">Codice autore SPICS: 15708</subfield>
    <subfield code="e">Autore</subfield>
    <subfield code="p">Tenderly</subfield>
    <subfield code="9">32142</subfield>
  </datafield>
  <datafield tag="700" ind1=" " ind2=" ">
    <subfield code="a">Wonder (Stevie) St.</subfield>
    <subfield code="g">Codice autore musica SPICS: 11163</subfield>
    <subfield code="e">Autore musica</subfield>
    <subfield code="p">We All Remember Wes</subfield>
    <subfield code="9">32143</subfield>
  </datafield>
  <datafield tag="700" ind1=" " ind2=" ">
    <subfield code="a">White</subfield>
    <subfield code="g">Codice autore musica SPICS: 23106</subfield>
    <subfield code="e">Autore musica</subfield>
    <subfield code="p">That's Right</subfield>
    <subfield code="9">32144</subfield>
  </datafield>
  <datafield tag="700" ind1=" " ind2=" ">
    <subfield code="a">Smith</subfield>
    <subfield code="g">Codice autore SPICS: 20145</subfield>
    <subfield code="e">Autore</subfield>
    <subfield code="p">That's Right</subfield>
    <subfield code="9">32145</subfield>
  </datafield>
  <datafield tag="942" ind1=" " ind2=" ">
    <subfield code="c">CD</subfield>
    <subfield code="2">ddc</subfield>
  </datafield>
  <datafield tag="952" ind1=" " ind2=" ">
    <subfield code="0">0</subfield>
    <subfield code="1">0</subfield>
    <subfield code="4">0</subfield>
    <subfield code="6">F_0406_000000000000000</subfield>
    <subfield code="7">1</subfield>
    <subfield code="a">SPICS</subfield>
    <subfield code="b">SPICS</subfield>
    <subfield code="d">2013-10-25</subfield>
    <subfield code="l">0</subfield>
    <subfield code="o">F0406</subfield>
    <subfield code="r">2013-10-25 00:00:00</subfield>
    <subfield code="w">2013-10-25</subfield>
    <subfield code="y">CD</subfield>
    <subfield code="z">Progr. Ins.: 2995 / N.Vol.: 1 / Copie: 1 - Copia rara: n.d. / date import: 01.01.2014 - By Epidotti, Trombetti, Vaglietti</subfield>
  </datafield>
</record>
